000 00594nam a2200229Ia 4500
005 20241216010551.0
008 180423s9999||||xx |||||||||||||| ||und||
082 _a301
_bJ54
100 _aJIMENEZ BLANCO, JOSE Y OTROS
245 0 _aTEORIA SOCIOLOGICA CONTEMPORANEA
250 _a0
260 _aMADRID-ESPAƐA
_bTECNOS
_c1978
300 _a546 pag.
_c24 cm
341 _h0
440 _aCOLEC. CIEN. SOCIA.
490 _v0
_a0
505 _aMARXISMO-FUNDAMENTALISMO
541 _aD
_bENBAJADA ESPA A
_d26-Nov-93
650 _aCIENCIAS SOCIALES
856 _zDeposito
942 _cLIBRO
999 _c17918
_d17918